Statystyki dla Największe miasta Europy według wieku

Kliknij tutaj aby rozwiązać quiz!

Ogólne statystyki

  • Ten quiz został rozwiązany 17 181 razy
  • Średni wynik to 14 z 38

Statystyki odpowiedzi

# WiekówMiasto% Poprawnych
2Berlin
94%
5Londyn
94%
8Paryż
94%
3Moskwa
92%
1Rzym
91%
9Konstantynopol
68%
2Kijów
67%
2Wiedeń
67%
2Petersburg
63%
3Lizbona
61%
1Praga
59%
2Amsterdam
58%
7Mediolan
58%
4Neapol
49%
1Manchester
42%
8Wenecja
42%
1Liverpool
36%
1Lyon
36%
1Florencja
26%
1Birmingham
23%
5Sewilla
20%
1Glasgow
19%
2Kolonia
19%
3Palermo
19%
2Saloniki
16%
2Genua
15%
1Saraj
15%
5Granada
7%
3Kordoba
6%
2Adrianopol
4%
2Brugia
3%
1Kaffa
3%
1Ratyzbona
3%
2Gandawa
2%
1Amalfi
1%
1Ochryda
1%
1Rouen
1%
1Salerno
1%

Rozkład punktacji

Percentyl według liczby udzielonych odpowiedzi

Procent ludzi z każdym wynikiem

Twoja historia wyników

Nie rozwiązałeś tego quizu